কিশোর মুক্তিযুদ্ধ কোষ / (Record no. 11148)
[ view plain ]
| 000 -LEADER | |
|---|---|
| fixed length control field | 00799nam a2200229 a 4500 |
| 001 - CONTROL NUMBER | |
| JCCL Control Number | 11148 |
| 003 - CONTROL NUMBER IDENTIFIER | |
| JCCL marc code | BD-JhCC |
| 005 - DATE AND TIME OF LATEST TRANSACTION | |
| control field | 20190921081928.0 |
| 008 - FIXED-LENGTH DATA ELEMENTS--GENERAL INFORMATION | |
| fixed length control field | 190603b20092016bg a|||| ||a| 001 0 ben d |
| 020 ## - INTERNATIONAL STANDARD BOOK NUMBER | |
| International Standard Book Number | 9844587011400709 |
| 035 ## - SYSTEM CONTROL NUMBER | |
| system control number | (BD-JhCC)1148 |
| 040 ## - CATALOGING SOURCE | |
| Original cataloging agency | BD-JhCC |
| Modifying agency | BD-JhCC |
| 041 ## - LANGUAGE CODE | |
| Language code of Book | ben |
| 082 ## - DEWEY DECIMAL CLASSIFICATION NUMBER | |
| Author mark and Year | KIS 2016 |
| Classification number | 954.92053 |
| 245 ## - TITLE STATEMENT | |
| Title | কিশোর মুক্তিযুদ্ধ কোষ / |
| Statement of responsibility, etc | সম্পাদিত: মুনতাসীর মামুন |
| 260 ## - PUBLICATION, DISTRIBUTION, ETC. (IMPRINT) | |
| Place of publication, distribution, etc | ঢাকা: |
| Name of publisher, distributor, etc | সময় প্রকাশ; |
| Date of publication, distribution, etc | ২০১৬. |
| 300 ## - PHYSICAL DESCRIPTION | |
| Pagination | ৪৯৫ পৃঃ . : |
| Other physical details | ill; |
| Dimensions | ২৬ সেমি. |
| 650 ## - SUBJECT ADDED ENTRY--TOPICAL TERM | |
| Topical term or geographic name as entry element | Liberarion War |
| Form subdivision | Juvenile |
| General subdivision | Encylopedia |
| Chronological subdivision | 1971 |
| Geographic subdivision | Bangladesh |
| 700 ## - ADDED ENTRY--PERSONAL NAME | |
| Personal name | মামুন, মুনতাসীর |
| 942 ## - ADDED ENTRY ELEMENTS (KOHA) | |
| Source of classification or shelving scheme | Dewey Decimal Classification |
| Koha item type | Books |
| Source of classification or shelving scheme | Damaged status | Not for loan | Home library | Current library | Shelving location | Cost, normal purchase price | Total Checkouts | Full call number | Barcode | Date last seen | Copy number | Koha item type |
|---|---|---|---|---|---|---|---|---|---|---|---|---|
| Dewey Decimal Classification | JCC Rouf Library | JCC Rouf Library | General Stacks | 630.00 | 954.92053 KIS 2016 | 14757 | 08/03/2019 | C-1 | Books |